|
|
|
|
| LEADER |
01540nam a2200301 a 4500 |
| 001 |
26965 |
| 008 |
130513s1990 enkab b 101 0 eng d |
| 010 |
|
|
|a 89027681
|
| 020 |
|
|
|a 1851480412
|
| 040 |
|
|
|a DLC
|c DLC
|d DLC
|d BD-DhAAL
|
| 082 |
0 |
0 |
|a 333.7/01/5118
|2 20
|
| 245 |
0 |
0 |
|a Environmental modelling for developing countries /
|c edited by Asit K. Biswas, T.N. Khoshoo, and Ashok Khosla.
|
| 260 |
|
|
|a London ;
|a New York :
|b Tycooly Pub.,
|c c1990.
|
| 300 |
|
|
|a x, 166 p. :
|b ill., maps ;
|c 25 cm.
|
| 490 |
|
0 |
|a Natural resources and the environment series ;
|v v. 25
|
| 500 |
|
|
|a "Published for the International Society for Ecological Modelling with the support of the United Nations Environment Programme."
|
| 500 |
|
|
|a Selected papers prepared for an international seminar held in New Delhi, India, in Jan. 1988, in collaboration with the International Society for Ecological Modelling.
|
| 504 |
|
|
|a Includes bibliographical references and index.
|
| 541 |
1 |
|
|e 26965
|
| 650 |
|
0 |
|a Environmental policy
|z Developing countries
|x Mathematical models.
|
| 650 |
|
0 |
|a Natural resources
|z Developing countries
|x Management
|x Mathematical models.
|
| 700 |
1 |
|
|a Biswas, Asit K.
|
| 700 |
1 |
|
|a Khoshoo, T. N.,
|d 1927-2002.
|
| 700 |
1 |
|
|a Khosla, Ashok.
|
| 710 |
2 |
|
|a International Society for Ecological Modelling.
|
| 852 |
1 |
|
|a Ayesha Abed Library
|j General Shelf.
|
| 999 |
|
|
|c 13449
|d 13449
|
| 952 |
|
|
|0 0
|1 0
|2 ddc
|4 0
|6 333_701511800000000_ENV
|7 0
|9 22390
|a BRACUL
|b BRACUL
|c GEN
|d 2013-05-19
|e VC of BRACU
|l 0
|o 333.7015118 ENV
|p 3010026965
|r 2013-05-19
|t 1
|w 2013-05-19
|y BK
|